| 000 | 00988nam a2200313 4500 | ||
|---|---|---|---|
| 001 | 142292 | ||
| 003 | ES-MaACL | ||
| 005 | 20230906200504.0 | ||
| 007 | t| | ||
| 008 | 071004s1982 sp a ||||0| spa d | ||
| 016 | 7 | _zIBH8302025 | |
| 020 | _a84-294-1953-5 | ||
| 040 |
_aIBH _bspa _cM-BN-DP |
||
| 080 | _a616.89-053.2(04) | ||
| 080 | _a376(04) | ||
| 100 | 1 |
_aWing, Lorna. _9117078 |
|
| 245 | 1 | 0 |
_aAutismo infantil _b: aspectos médicos y educativos / _cdirigida por Lorna Wing y Margaret P. Everard ; [traducción del inglés Miguel Valiente Roncalés]. |
| 260 |
_aMadrid : _bSantillana, _c[1982] |
||
| 300 |
_a472 p. : _bil. ; _c21 cm. |
||
| 490 | 1 |
_aAula XXI ; _v25 |
|
| 504 | _aBibliografía: p. 447-463. | ||
| 650 | 1 | 4 |
_aAutismo. _910418 |
| 700 | 1 |
_aEverard, Margaret P. _948390 |
|
| 700 | 1 |
_aValiente Roncalés, Miguel. _9112699 |
|
| 830 | 0 |
_aAula XXI ; _v25 _9187045 |
|
| 852 |
_aES-MaACL _jL-2311 _bR.102995 |
||
| 999 |
_c142292 _d142292 |
||